000 00885nam a2200253Ia 4500
003 OSt
005 20220927110350.0
006 a|||||r|||| 00| 0
007 ta
008 220926b |||||||| |||| 00| 0 eng d
024 _a60641
037 _cReports
040 _aRTL
_cRTL
_beng
041 _2eng
_aeng
082 _a"X62.2.N69t, L2"
110 _a"India, Banking(commission), non-banking financial intermediaries. (Study group on-)(1969)(chairman : Bhabatosh Datta)"
_9376770
245 0 _aReport
260 _aDelhi
_bManager of publication India
_c1972
300 _a"xv, 285p. Appendix p 229-85"
_ccm.
650 _aBanking
700 _a"India, Banking(commission), non-banking financial intermediaries. (Study group on-)(1969)(chairman : Bhabatosh Datta)"
_9376771
942 _h"X62.2.N69t, L2"
_cCC
999 _c695857
_d695857